000 00456nam a2200181Ia 4500
001 16737
005 20260306170332.0
008 260306t1943||||xx |||||||||||||| ||und||
041 _aESP
082 _a349.73082
_bO688
100 _aOtto, Nicolás S. de
_eAUT
245 0 _aLa mujer según el derecho y la doctrina de la iglesia
260 _c1943
300 _a37 páginas :
_c21 cm.
650 _aGEN
654 _aCDE
942 _cLIB
_dJUS
_fJUS
_2ddc
_n
999 _c16737
_d16737